BEATIFICATIONIS ET CANONIZATIONIS SERVAE DEI ADELAIDIS DE BATZ DE TRENQUELLEON. 1789-1828. - POSITIO SUPER VIRTUTIBU (Record n. 268191)
[ formato base ]
| 000 -LEADER | |
|---|---|
| fixed length control field | 01299nam a2200229Ia 4500 |
| 001 - CONTROL NUMBER | |
| control field | L235-9015 |
| 003 - CONTROL NUMBER IDENTIFIER | |
| control field | IT-CnALBA |
| 008 - FIXED-LENGTH DATA ELEMENTS--GENERAL INFORMATION | |
| fixed length control field | 170116s9999||||xx |||||||||||||| ||und|| |
| 040 ## - CATALOGING SOURCE | |
| Original cataloging agency | IT-CnALBA |
| Transcribing agency | IT-CnALBA |
| 041 ## - LANGUAGE CODE | |
| Language code of text/sound track or separate title | LATINO - MULTILINGUE |
| 999 ## - SYSTEM CONTROL NUMBERS (KOHA) | |
| Koha Dewey Subclass [OBSOLETE] | NO |
| 100 ## - MAIN ENTRY--PERSONAL NAME | |
| Personal name | AGENNEN. |
| 245 #0 - TITLE STATEMENT | |
| Title | BEATIFICATIONIS ET CANONIZATIONIS SERVAE DEI ADELAIDIS DE BATZ DE TRENQUELLEON. 1789-1828. - POSITIO SUPER VIRTUTIBU |
| 250 ## - EDITION STATEMENT | |
| Edition statement | 1a ed. |
| 260 ## - PUBLICATION, DISTRIBUTION, ETC. (IMPRINT) | |
| Place of publication, distribution, etc. | ROMA |
| Name of publisher, distributor, etc. | GUERRA GUERRIERO TIPOG. PERUGIA |
| Date of publication, distribution, etc. | 1983 [1° Ed.:1983 - Ed.Ling.Originale: 1983] |
| 300 ## - PHYSICAL DESCRIPTION | |
| Extent | 1200 p. |
| 500 ## - GENERAL NOTE | |
| General note | ESAME SULLE VIRTÙ. INFORMAZIONE. CONGREGAZIONE PER LE CAUSE DEI SANTI. FONDATRICE DELLE FIGLIE DI MARIA IMMACOLATA. RELAZIONE DEL CARDINAL PREFETTO. ESAME DEGLI SCRITTI. DESIDERIO DEL PROMOTORE DELLA FEDE. CAUSA DI BEATIFICAZIONE E CANONIZZAZIONE DELLA SE |
| 501 ## - WITH NOTE | |
| With note | Società San Paolo EM - Piazza San Paolo, 14 - 12051 ALBA (CN) (non commercial uses only) ® Copyright 2017 |
| 520 ## - SUMMARY, ETC. | |
| Summary, etc. | ESAME SULLE VIRTÙ. INFORMAZIONE. CONGREGAZIONE PER LE CAUSE DEI SANTI. FONDATRICE DELLE FIGLIE DI MARIA IMMACOLATA. RELAZIONE DEL CARDINAL PREFETTO. ESAME DEGLI SCRITTI. DESIDERIO DEL PROMOTORE DELLA FEDE. CAUSA DI BEATIFICAZIONE E CANONIZZAZIONE DELLA SE |
| 650 ## - SUBJECT ADDED ENTRY--TOPICAL TERM | |
| Topical term or geographic name as entry element | MARIA SS. ANGELI SANTI DEMONI |
| 942 ## - ADDED ENTRY ELEMENTS (KOHA) | |
| Koha item type | LIBRO |
| 957 ## - | |
| -- | 1 |
| 999 ## - SYSTEM CONTROL NUMBERS (KOHA) | |
| -- | Copie: 1 |
| Withdrawn status | Lost status | Damaged status | Not for loan | Home library | Current library | Date acquired | Total Checkouts | Full call number | Date last seen | Price effective from | Koha item type | Public note |
|---|---|---|---|---|---|---|---|---|---|---|---|---|
| Buone Condizioni | Not For Loan | ALBA - Biblioteca | ALBA - Biblioteca | 16/01/2017 | L235-9015 | 16/01/2017 | 16/01/2017 | LIBRO | (data import: 16 gennaio 2017) - By Epidotti, Vaglietti. |